000 00534nam a22002051a 4500
001 2086
003 OSt
005 20260204211758.0
008 070109s1991||||sp ||||||b||||||||||spa||
020 _a8432994022
050 _a372 E83p
245 _aEducación preescolar, métodos, técnica y organización / Cristina Castillo
250 _a10
264 _aEspaña: Ediciones CEAC
300 _a254 p
500 _aIncluye bibliografía
650 _a1.Educación Preescolar
700 _aCastillo, CristinaÌ
942 _2ddc
_cBK
999 _c2086
_d2086